Entry Nombre personal
001 - NÚMERO DE CONTROL
- campo de control: 129206
003 - IDENTIFICADOR DE NÚMERO DE CONTROL
- campo de control: SpMaBN
005 - FECHA Y HORA DE LA ÚLTIMA TRANSACCIÓN
- campo de control: 20250806065224.0
008 - ELEMENTOS DE DATO DE LONGITUD-FIJA
- campo de control de longitud fija: 920725n| aijnnaabn n aaa
016 ## - NÚMERO DE CONTROL DE UNA AGENCIA BIBLIOGRÁFICA NACIONAL
- Número de control del registro: BNE19995861932
024 7# - IDENTIFICADOR DE OTROS ESTÁNDARES
- Número estándar o código: http://www.wikidata.org/entity/Q55838271
- Fuente: wikidata
024 7# - IDENTIFICADOR DE OTROS ESTÁNDARES
- Número estándar o código: http://viaf.org/viaf/87118830/
- Fuente: viaf
040 ## - FUENTE DE CATALOGACIÓN
- Centro catalogador/agencia de origen: SpMaBN
- Lengua de catalogación: spa
- Centro/agencia transcriptor: SpMaBN
- Normas de descripción: rdc
- Convención/Normas de encabezamiento de materia/tesauro: embne
046 ## - FECHAS CON CODIFICACIÓN ESPECIAL
- Fecha de nacimiento: 1854
- Fecha de la muerte: 1932
100 1# - ENCABEZAMIENTO-NOMBRE DE PERSONA
- Nombre de persona: López García, Leopoldo,
- Fechas asociadas al nombre: 1854-1932
375 ## - GÉNERO/SEXO
- Género: Masculino
670 ## - FUENTE DE DATOS ENCONTRADOS
- Cita de la fuente: Consideraciones sobre la técnica histológica moderna, 1884
- Información encontrada: port. (Leopoldo López García)
670 ## - FUENTE DE DATOS ENCONTRADOS
- Cita de la fuente: Médicos españoles del siglo XX, 2003
- Información encontrada: (Leopoldo López García; n. 1854, Madrid, m. 24-07-1932, Valladolid; pionero de la Histología española)
